Estadísticas para Prueba de Palestina

Haz click aquí para intentar la prueba.

Estadísticas generales

  • Esta prueba ha sido intentada 839 veces
  • La puntuación promedio es 10 de 21

Estadísticas de respuestas

PistaRespuesta% Correcto
Países que limitan con estos territoriosIsrael
98%
Países que limitan con estos territoriosJordania
91%
Los dos territorios comúnmente conocidos como Palestina hoy en díaFranja de Gaza
80%
Países que limitan con estos territoriosEgipto
77%
Imperio que controló Palestina de 1516 a 1922Imperio Otomano
76%
El lugar de nacimiento de Jesús según la BibliaBelén
71%
País que tuvo un "mandato" para gobernar Palestina de 1922 a 1947Reino Unido
67%
Los dos territorios comúnmente conocidos como Palestina hoy en díaCisjordania
66%
Partido que gobierna el territorio #2Hamas
44%
El antiguo reino en el área gobernada por el Rey HerodesJudea
41%
El patriarca bíblico que se dice que está enterrado en la ciudad mencionadaAbraham
37%
Término para los violentos levantamientos palestinos que ocurrieron en 1987-1993 y 2000-2005Intifada
37%
Presidente de la OLP de 1969 a 2004Yasir Arafat
37%
La ciudad más antigua de Palestina, y posiblemente del mundo enteroJericó
32%
Actual capital de facto de PalestinaRamala
31%
Capital propuesta de un futuro estado palestinoJerusalén Este
23%
Nombre del área durante la Edad de Bronce (comienza con C)Canaan
22%
Actual Presidente de la Autoridad Nacional Palestina (ANP)Mahmud Abás
19%
Nombre de la mezquita construida en el Monte del Templo en 700 d.C.Al {Aqsa}
18%
Partido que lidera el gobierno del territorio #1Fatah
18%
La ciudad más poblada del territorio controlado por la ANPHebrón
18%

Distribución de puntuación

Porcentaje por número respondido

Porcentaje de gente con cada puntuación

Historial de tus puntuaciones

No has intentado esta prueba.